Výber portfólia zohľadňujúceho náklady

Saved in:
Bibliographic Details
Main Author: Brezina, Ivan, ml
Corporate Author: Fakulta hospodárskej informatiky EU. Katedra operačného výskumu a ekonometrie
Format: Book
Language:Slovak
Published: Bratislava 2012
Subjects:
Tags: Add Tag
No Tags, Be the first to tag this record!

MARC

LEADER 00000nam a2200000 4500
001 0164142
005 20240502072847.8
041 0 |a slo 
044 |a SK 
245 1 0 |a Výber portfólia zohľadňujúceho náklady  |c Ivan Brezina 
264 1 |a Bratislava  |c 2012 
300 |a [7 s.] 
610 2 0 |a portfólio 
610 2 0 |a náklady 
610 2 0 |a modely lineárne 
100 1 |a Brezina, Ivan, ml. 
710 2 |a Fakulta hospodárskej informatiky EU. Katedra operačného výskumu a ekonometrie